000 00342nam a22001457a 4500
008 221104b ||||| |||| 00| 0 eng d
020 _a9780323265379
041 _aeng
080 _27EDITION
_a159.9
082 _a159.9 JAR
100 _a25
101 _aPSI
245 _aPHYSICAL EXAMINATION HEALTH ASSESSMENT
_cJARVIS
942 _2udc
_cBK
999 _c58746
_d58746